Southville International School and Colleges
Your cart is empty.
  • Cart
  • Lists
    Public lists Eva Luna New books Lux_list list_1
    Your lists Log in to create your own lists
  • Log in to your account
  • Your cookies
  • Search history
Southville International School and Colleges
  • Advanced search
  • Recent comments
  • Most popular
  • Libraries

Log in to your account

Log in with GOOGLE


If you do not have an external account, but do have a local account, you can still log in:

  1. Home
  2. MARC view: Jose Rizal :
Normal view MARC view ISBD view

Jose Rizal : (Record no. 293614)

[ view plain ]
MARC details
000 -LEADER
fixed length control field 00610nam a2200229Ia 4500
008 - FIXED-LENGTH DATA ELEMENTS--GENERAL INFORMATION
fixed length control field 160418s9999 xx 000 0 und d
020 ## - INTERNATIONAL STANDARD BOOK NUMBER
International Standard Book Number 971-08-6587-0
050 ## - LIBRARY OF CONGRESS CALL NUMBER
Classification number FIL DS 675.8
050 ## - LIBRARY OF CONGRESS CALL NUMBER
Item number .R5R58 2005
100 ## - MAIN ENTRY--PERSONAL NAME
Personal name Rivera, Frank G.
245 ## - TITLE STATEMENT
Title Jose Rizal :
245 ## - TITLE STATEMENT
Remainder of title iba't ibang pagtanaw /
245 ## - TITLE STATEMENT
Statement of responsibility, etc Frank G. Rivera.
260 ## - PUBLICATION, DISTRIBUTION, ETC. (IMPRINT)
Place of publication, distribution, etc Mandaluyong:
260 ## - PUBLICATION, DISTRIBUTION, ETC. (IMPRINT)
Name of publisher, distributor, etc National Books Store,
260 ## - PUBLICATION, DISTRIBUTION, ETC. (IMPRINT)
Date of publication, distribution, etc 2009
300 ## - PHYSICAL DESCRIPTION
Extent 231 pages :
300 ## - PHYSICAL DESCRIPTION
Other physical details illustrations ;
300 ## - PHYSICAL DESCRIPTION
Dimensions 22 cm.
650 ## - SUBJECT ADDED ENTRY--TOPICAL TERM
Topical term or geographic name as entry element Rizal, Jose, -- 1861-1896 -- Drama.
650 ## - SUBJECT ADDED ENTRY--TOPICAL TERM
General subdivision Rozal, Jose, -- 1861-1896 -- Fiction.
Holdings
Withdrawn status Lost status Damaged status Home library Current library Shelving location Date acquired Cost, normal purchase price Total Checkouts Full call number Barcode Date last seen Price effective from Koha item type
      South Mansfield College South Mansfield College Filipiniana Section 02/14/2011 245.00   FIL DS 675.8 .R5R58 2005 SMC05355 04/18/2016 04/18/2016  

Jose Rizal :

APA

Rivera F. G., .Jose Rizal. Mandaluyong: .

Chicago

Rivera Frank G, .Jose Rizal. Mandaluyong: .

Harvard

Rivera F. G., .Jose Rizal. Mandaluyong: .

MLA

Rivera Frank G, .Mandaluyong: . .

  • Place hold
  • Print
  • Cite
  • Add to your cart (remove)
  • Save record
    BIBTEX Dublin Core MARCXML MARC (non-Unicode/MARC-8) MARC (Unicode/UTF-8) MARC (Unicode/UTF-8, Standard) MODS (XML) RIS
  • More searches
    Search for this title in:
    Other Libraries (WorldCat) Other Databases (Google Scholar) Online Stores (Bookfinder.com) Open Library (openlibrary.org)

Exporting to Dublin Core...

SOUTHVILLE LIBRARY

Southville International School and Colleges Library

1281 Tropical Ave. Cor. Luxembourg St., BF Homes International, Las Pinas City

Tel. No. 8256374 / 252358 Loc. 117/146

Powered by Koha